Looking for Jose Rizal in Madrid : (Record no. 4390)
[ view plain ]
| 000 -LEADER | |
|---|---|
| fixed length control field | 00907cam a22002537a 4500 |
| 001 - CONTROL NUMBER | |
| control field | 14024704 |
| 005 - DATE AND TIME OF LATEST TRANSACTION | |
| control field | 20160906183327.0 |
| 008 - FIXED-LENGTH DATA ELEMENTS--GENERAL INFORMATION | |
| fixed length control field | 050705s2004 ph f000 0 eng |
| 010 ## - LIBRARY OF CONGRESS CONTROL NUMBER | |
| LC control number | 2004420824 |
| 020 ## - INTERNATIONAL STANDARD BOOK NUMBER | |
| International Standard Book Number | 971-542-407-4 |
| 040 ## - CATALOGING SOURCE | |
| Original cataloging agency | DLC |
| Transcribing agency | DLC |
| Modifying agency | DLC |
| 042 ## - AUTHENTICATION CODE | |
| Authentication code | lcode |
| 043 ## - GEOGRAPHIC AREA CODE | |
| Geographic area code | a-ph--- |
| 050 00 - LIBRARY OF CONGRESS CALL NUMBER | |
| Classification number | MLCS 2006/07403 (D) |
| 082 ## - DEWEY DECIMAL CLASSIFICATION NUMBER | |
| Edition number | 2004 |
| Classification number | DFil 920 |
| Item number | B76l |
| 100 1# - MAIN ENTRY--PERSONAL NAME | |
| Personal name | Brillantes, Gregorio C., |
| Dates associated with a name | 1932- |
| 245 10 - TITLE STATEMENT | |
| Title | Looking for Jose Rizal in Madrid : |
| Remainder of title | journeys, latitudes, perspectives, destinations / |
| Statement of responsibility, etc. | Gregorio C. Brillantes. |
| 260 ## - PUBLICATION, DISTRIBUTION, ETC. (IMPRINT) | |
| Place of publication, distribution, etc. | Diliman, Quezon City : |
| Name of publisher, distributor, etc. | University of the Philippines Press, |
| Date of publication, distribution, etc. | 2004. |
| 300 ## - PHYSICAL DESCRIPTION | |
| Extent | xiii, 285 pages ; |
| Dimensions | 23 cm. |
| 650 #0 - SUBJECT ADDED ENTRY--TOPICAL TERM | |
| 9 (RLIN) | 14206 |
| Topical term or geographic name as entry element | Rizal, Jose, 1861-1896. |
| 906 ## - LOCAL DATA ELEMENT F, LDF (RLIN) | |
| a | 7 |
| b | cbc |
| c | origode |
| d | 4 |
| e | ncip |
| f | 20 |
| g | y-gencatlg |
| 942 ## - ADDED ENTRY ELEMENTS (KOHA) | |
| Source of classification or shelving scheme | Dewey Decimal Classification |
| Koha item type | Filipiniana |
| Withdrawn status | Lost status | Source of classification or shelving scheme | Damaged status | Not for loan | Collection code | Home library | Current library | Date acquired | Source of acquisition | Total Checkouts | Full call number | Barcode | Date last seen | Copy number | Price effective from | Koha item type |
|---|---|---|---|---|---|---|---|---|---|---|---|---|---|---|---|---|
| Dewey Decimal Classification | Filipiniana | UM Digos College - LIC | UM Digos College - LIC | 05/24/2006 | Purchased | DFil 920 B76l 2004 | 18576 | 06/08/2021 | 1 | 09/06/2016 | Filipiniana |
